00373 2200145 4500001002100000005001500021035002000036245007200056100002000128300001200148260002100160082000800181084001400189990002400203INLIS00000000000224720250527021903 a0010-05250005391 aPedoman Praktis Outdoor dan Fun Games Activities /cDandan Riskomar0 aDandan Riskomar a192 hlm bMUB Books,c2004 a600 a600 DAN p a0713167 s/d 0713168